| 000 -NÁVESTIE |
| fixed length control field |
00352nam a2200121 a 4500 |
| 008 - ÚDAJE S PEVNOU DĹŽKOU – VŠEOBECNÉ INFORMÁCIE |
| fixed length control field |
981019s1998||||xx 0 und c |
| 040 ## - ZDROJ KATALOGIZÁCIE |
| Pôvodná katalogizujúca agentúra |
SNK |
| Jazyk katalogizácie |
slo |
| Prepisujúca agentúra |
SNK |
| Konvencie popisu |
AACR2 |
| 020 ## - MEDZINÁRODNÉ ŠTANDARDNÉ ČÍSLO KNIHY (ISBN) |
| Údaje o dostupnosti |
Dar |
| 100 1# - OSOBNÉ MENÁ – VŠEOBECNÉ INFORMÁCIE |
| Osobné meno |
Šašinka, M.- Šagat, T. a spolupracovníci |
| 245 10 - NÁZOV |
| Názov |
Pediatria 1. |
| Zvyšok názvu |
Učebnice pro zdravotnické školy |
| 260 ## - VYDAVATEĽSKÉ ÚDAJE, DISTRIBÚCIA ATĎ. |
| Dátum publikovania, distribúcie atď. |
1998 |
| Názov vydavateľa, distibútora atď. |
Status |
| Miesto publikovania, distribúcie atď. |
Košice |
| 300 ## - FYZICKÝ POPIS |
| Rozsah |
265s. |